00529pam a2200145 a 4500020000500000041000500005082001300010100002500023245008900048260003600137300001700173930000900190999001900199952016500218 c h a741bBAR aBarrington Bartser . aDraw Like the Masters Be inspired by Great Artist of the Past hTextual Documents a[s.l]:bArcturus London,c2014. a128:bPaper. a7445 c241235d241235 001040708Text BooksaFAPbFAPd2016-02-26eBhararti Sahakari Grahak Bhandarg900.00l2o741 BARpFAP-8102r2024-08-05 00:00:00s2024-08-05t1w2023-03-07yBK